Savoir orthographier (Record no. 6832)
[ view plain ]
| 000 -LEADER | |
|---|---|
| fixed length control field | 00610nam a2200193 4500 |
| 008 - FIXED-LENGTH DATA ELEMENTS--GENERAL INFORMATION | |
| fixed length control field | s1994 fr fre u |
| 040 ## - CATALOGING SOURCE | |
| Original cataloging agency | LB-BrCRDP |
| 082 1# - DEWEY DECIMAL CLASSIFICATION NUMBER | |
| Classification number | 371.39 |
| Item number | Ang |
| 100 1# - MAIN ENTRY--PERSONAL NAME | |
| Personal name | Angoujard, André |
| 245 10 - TITLE STATEMENT | |
| Title | Savoir orthographier |
| Statement of responsibility, etc. | André Angoujard |
| 260 ## - PUBLICATION, DISTRIBUTION, ETC. | |
| Place of publication, distribution, etc. | Paris |
| Name of publisher, distributor, etc. | Hachette éducation |
| Date of publication, distribution, etc. | 1994 |
| 490 0# - SERIES STATEMENT | |
| Series statement | profession: enseignant |
| 650 4# - SUBJECT ADDED ENTRY--TOPICAL TERM | |
| Topical term or geographic name entry element | Enseignement |
| 630 4# - SUBJECT ADDED ENTRY--UNIFORM TITLE | |
| Uniform title | Difficultés à enseigner l'orthographe |
| 630 4# - SUBJECT ADDED ENTRY--UNIFORM TITLE | |
| Uniform title | Un projet d'enseignement nouveau |
| 630 4# - SUBJECT ADDED ENTRY--UNIFORM TITLE | |
| Uniform title | comprendre l'orthographe et son acquisition |
| 942 ## - ADDED ENTRY ELEMENTS (KOHA) | |
| Koha item type | Books |
| Withdrawn status | Lost status | Source of classification or shelving scheme | Damaged status | Not for loan | Home library | Current library | Shelving location | Date acquired | Source of acquisition | Cost, normal purchase price | Total Checkouts | Full call number | Barcode | Date last seen | Copy number | Price effective from | Koha item type |
|---|---|---|---|---|---|---|---|---|---|---|---|---|---|---|---|---|---|
| Dewey Decimal Classification | مكتبة دار المعلمين و المعلمات - بئر حسن | مكتبة دار المعلمين و المعلمات - بئر حسن | Salle de Lecture | 12/06/2005 | Ambassade de France | 0.00 | 371.39 Ang | CRB147 | 07/27/2016 | 1 | 07/27/2016 | Books |